000 00434 a2200157 4500
020 _a9780495826170
020 _a9780495826163
040 _aDLC
_bDLC
100 1 _aEpp, Susanna S.
245 1 0 _aDiscrete mathematics with applications
_cSusanna S. Epp.
250 _a4th Ed.
260 _aBelmont, CA :
_bCengage Brooks/Cole,
_c2010.
300 _axxii, 819 p. :
_bill. ;
_c27 cm.
650 _aMathematics.
942 _cBK
_k511 EPP
_2ddc
999 _c10313
_d10313